Statistics for Top Producing Countries by Resource

Click here to take the quiz!

General Stats

  • This quiz has been taken 34 times
  • The average score is 34 of 40

Answer Stats

ResourceAnswer% Correct
MilkBrazil
100%
CoffeeBrazil
100%
WoolChina
100%
MilkChina
100%
OilChina
100%
GoldChina
100%
WatermelonChina
100%
OilRussia
100%
GoldRussia
100%
DiamondRussia
100%
OilSaudi Arabia
97%
OilUnited States
97%
GoldUnited States
97%
MilkUnited States
97%
OilCanada
93%
GoldCanada
93%
UraniumCanada
93%
DiamondCanada
93%
CoffeeColombia
93%
GoldAustralia
90%
WoolAustralia
90%
UraniumAustralia
90%
WatermelonIndia
90%
MilkIndia
90%
DiamondSouth Africa
86%
WoolUnited Kingdom
86%
WatermelonIran
79%
WoolNew Zealand
79%
DiamondDem. Rep. of the Congo
76%
CoffeeIndonesia
76%
UraniumKazakhstan
72%
WatermelonTurkey
72%
WoolTurkey
72%
CoffeeEthiopia
69%
MilkPakistan
69%
CoffeeVietnam
69%
DiamondBotswana
66%
UraniumNamibia
55%
UraniumUzbekistan
55%
WatermelonAlgeria
52%

Score Distribution

Percentile by Number Answered

Percent of People with Each Score

Your Score History

You have not taken this quiz